000 00500nam a2200181Ia 4500
005 20250326123438.0
008 250326s9999 xx 000 0 und d
037 _aTextbook
040 _aFMSL
_beng
_cFMSL
041 _aeng
_2eng
084 _aX8(A).2 Mo
_qFMSL
100 _aBhattacharya S N
_961194
245 0 _aRural Industrialisation in india
_cBhattacharya S N
260 _aDelhi
_bDelhi, B R
_c1980
300 _a387p
942 _cTB
_hX8(A).2 Mo
999 _c1269395
_d1269395